00448nam a2200145Ia 4500008004100000100001900041245007500060245001900135260003900154260000900193300000800202650001800210650001500228856005900243170221s9999 xx 000 0 und d aFerruh Yılmaz aIdeology at Work in (the Production of) the News on Ethnic Minorities  cFerruh Yılmaz bStudies in Media and Communication c2012 a1 : xCommunication xMedia Arts uhttp://redfame.com/journal/index.php/smc/issue/view/13